| 000 | 00895nam a22002777a 4500 | ||
|---|---|---|---|
| 001 | 1595988 | ||
| 003 | OSt | ||
| 005 | 20170518103008.0 | ||
| 008 | 170228b xxu||||| |||| 00| 0 eng d | ||
| 010 | _a 94011164 | ||
| 020 | _a0673523497 | ||
| 040 |
_aMMU _cMMU _dMMU _beng. |
||
| 050 | 0 | 0 |
_aPE1417 _b.E96 1995 |
| 082 | 0 | 0 |
_a808/.0427 _220 |
| 245 | 0 | 0 |
_aExploring language / _cedited by Gary Goshgarian. |
| 250 | _a7th ed. | ||
| 260 |
_aNew York : _bHarperCollins College Publishers, _cc1995. |
||
| 300 |
_axxxiii, 558 p. : _bill. ; _c23 cm. |
||
| 650 | 0 | _aCollege readers. | |
| 650 | 0 |
_aEnglish language _xRhetoric. |
|
| 650 | 0 |
_aEnglish language. _9470 |
|
| 700 | 1 | _aGoshgarian, Gary. | |
| 906 |
_a7 _bcbc _corignew _d1 _eocip _f19 _gy-gencatlg |
||
| 942 |
_2lcc _cLOAN LOAN |
||
| 999 |
_c23705 _d23705 |
||